<?xml version="1.0" encoding="UTF-8"?>
<record
    xmlns:xsi="http://www.w3.org/2001/XMLSchema-instance"
    xsi:schemaLocation="http://www.loc.gov/MARC21/slim http://www.loc.gov/standards/marcxml/schema/MARC21slim.xsd"
    xmlns="http://www.loc.gov/MARC21/slim">

  <leader>00355nam a2200121Ia 4500</leader>
  <controlfield tag="008">220920s9999    xx            000 0 und d</controlfield>
  <datafield tag="020" ind1=" " ind2=" ">
    <subfield code="a">9781415201404</subfield>
  </datafield>
  <datafield tag="100" ind1=" " ind2=" ">
    <subfield code="a">WILSON, Francis</subfield>
    <subfield code="9">112078</subfield>
  </datafield>
  <datafield tag="245" ind1=" " ind2="0">
    <subfield code="a">Dinosaurs, Diamonds and Democracy</subfield>
  </datafield>
  <datafield tag="260" ind1=" " ind2=" ">
    <subfield code="b">South Africa : Random House Struik; 2009.</subfield>
  </datafield>
  <datafield tag="300" ind1=" " ind2=" ">
    <subfield code="a">128p. Col photos includes index</subfield>
  </datafield>
  <datafield tag="942" ind1=" " ind2=" ">
    <subfield code="c">BK</subfield>
    <subfield code="w">561</subfield>
    <subfield code="x">John Tresidder</subfield>
    <subfield code="y">561</subfield>
    <subfield code="z">John Tresidder</subfield>
  </datafield>
  <datafield tag="999" ind1=" " ind2=" ">
    <subfield code="c">731957</subfield>
    <subfield code="d">731956</subfield>
  </datafield>
  <datafield tag="952" ind1=" " ind2=" ">
    <subfield code="0">0</subfield>
    <subfield code="1">0</subfield>
    <subfield code="4">0</subfield>
    <subfield code="7">0</subfield>
    <subfield code="a">THISL</subfield>
    <subfield code="b">THISL</subfield>
    <subfield code="d">2022-09-20</subfield>
    <subfield code="g">287.58</subfield>
    <subfield code="l">0</subfield>
    <subfield code="o"> NF 968 WILS</subfield>
    <subfield code="p">85064</subfield>
    <subfield code="r">2022-09-20</subfield>
    <subfield code="w">2022-09-20</subfield>
    <subfield code="y">BK</subfield>
    <subfield code="z">16/04/2021</subfield>
  </datafield>
  <datafield tag="952" ind1=" " ind2=" ">
    <subfield code="0">0</subfield>
    <subfield code="1">0</subfield>
    <subfield code="2">ddc</subfield>
    <subfield code="4">0</subfield>
    <subfield code="7">0</subfield>
    <subfield code="8">300</subfield>
    <subfield code="a">MKHWL</subfield>
    <subfield code="b">MKHWL</subfield>
    <subfield code="c">Non_Fiction</subfield>
    <subfield code="d">2024-06-28</subfield>
    <subfield code="l">0</subfield>
    <subfield code="o">320.968 WILL</subfield>
    <subfield code="p">33228031140459</subfield>
    <subfield code="r">2024-06-28</subfield>
    <subfield code="w">2024-06-28</subfield>
    <subfield code="y">BK</subfield>
  </datafield>
</record>
